Elementos para una teoría de los medios de comunicación /

Gorde:
Xehetasun bibliografikoak
Egile nagusia: Enzensberger, Hans Magnus (autor)
Formatua: Liburua
Hizkuntza:gaztelania
Argitaratua: Barcelona, España : Anagrama, 1981, c1981
Etiketak: Etiketa erantsi
Etiketarik gabe, Izan zaitez lehena erregistro honi etiketa jartzen!

MARC

LEADER 00000nam^a2200000^a^4500
001 000588811
005 20250521000000.0
009 20260310132836.391
020 |a 34-339-0335-7 
037 |a Acervo ITESO - Biblioteca 
041 |a ESP 
091 |a FCR. 00351 
100 |a Enzensberger, Hans Magnus  |e (autor) 
245 1 0 |a Elementos para una teoría de los medios de comunicación / 
264 4 |a Barcelona, España :  |b Anagrama,  |c 1981, c1981 
300 |a 74 p. 
336 |a texto  |b txt  |2 rdacontenido 
337 |a sin mediación  |b n  |2 rdamedio 
338 |a volumen  |b nc  |2 rdasoporte 
649 |a XX 
910 |a Fondo Cristina Romo Gil 
920 |a Impresos - Libros 
930 |a Fondos Especiales 
905 |a 143 
901 |a 1100031058  |b IT2  |c ESP  |i D122563  |u 20250521 
902 |a https://opac.biblio.iteso.mx/vufind/Record/000588811